| 000 | 00963nam a22002777a 4500 | ||
|---|---|---|---|
| 003 | CHAP | ||
| 005 | 20220329143820.0 | ||
| 008 | 110928s1997 mx a r 00010 spa d | ||
| 010 | _a102253 | ||
| 011 | _a103225 | ||
| 035 | _a113914 | ||
| 040 | _cCHAP | ||
| 082 | 0 | 4 |
_a678.2 _bM36 |
| 100 | 0 | 0 |
_aMartínez Vázquez, Vicente. _972642 |
| 245 | 1 | 3 |
_aEl cultivo del hule : _bmanual práctico de orientación para los pequeños productores chiapanecos _c/por Vicente Martínez Vázquez |
| 260 |
_aTuxtla Gutiérrez, Chis. : _bUniversidad Autónoma de Chiapas, _c1997 |
||
| 300 |
_a79 p. : _bilus. |
||
| 590 |
_aBATCH-UPD _b10 _c20130110 _lUCH01 _h0853 |
||
| 590 |
_aBATCH-UPD _b10 _c20130410 _lUCH01 _h0525 |
||
| 590 |
_aBATCH-UPD _b10 _c20130914 _lUCH01 _h0901 |
||
| 590 |
_aCONVERSION _b10 _c20130109 _lUCH01 _h1356 |
||
| 650 | 1 | 4 |
_aCaucho. _920537 |
| 901 | _aBK | ||
| 942 | _cLIBRO | ||
| 949 |
_a678.2 M36 _bBC _cLIBRO _d33724002308040 _eLIBRO _gDonaciØn _h115902 _i113914 _sb |
||
| 999 |
_c102253 _d102253 |
||